Allah dan manusia dalam konsepsi Syeikh Nuruddin ar-Raniry

Bibliographic Details
Main Author: Daudy, Ahmad (Author)
Format: Book
Published: Jakarta : CV Rajawali , 1983
Subjects:

MARC

LEADER 00000cam a2200000 7i4500
001 0000006706
005 20160824093000.0
008 021119s1983
090 0 0 |a BP166   |b .D382 
100 0 |a Daudy, Ahmad ,   |e author 
245 0 0 |a Allah dan manusia dalam konsepsi Syeikh Nuruddin ar-Raniry   |c Ahmad Daudy 
260 2 |a Jakarta :   |b CV Rajawali ,   |c 1983 
300 |a 267 ms. ;   |c 22 sm. 
650 0 |a God (Islam) 
650 0 |a Islam   |x Doctrines 
650 0 |a Man (Islam) 
999 |a 1000005735   |b Book   |c OPEN SHELF (30 DAYS)   |e Gong Badak Campus 
999 |a 1000005736   |b Book   |c OPEN SHELF (30 DAYS)   |e Gong Badak Campus 
999 |a 1000005737   |b Book   |c OPEN SHELF (30 DAYS)   |e Gong Badak Campus